Nové Zámky Nákupné stredisko : železničná stanica : Gottwaldovo námestie : kúpalisko

Zobrazenie: Na striebornom podklade, v bielom orámovaní jeden pohľad z trávnika na budovu nákupného strediska, za ktorou je bytovka a v popredí je chodník, po ktorom ide žena, jeden pohľad na ulicu, po pravej strane lemovanú radom áut a bytovkou a v diaľke je železničná stanica, jeden pohľad na náme...

Full description

Bibliographic Details
Other Authors: Paul, P. (fotograf) (Photographer)
Format: Photo
Language:Slovak
Published: Bratislava ČSTK-Pressfoto 1989
Subjects:

MARC

LEADER 00000ckm a2200000 a 4500
001 vtls001204549
003 SK-MaSNL
005 20260331202555.0
007 kf co
008 240703s1989 xo g 0kuslo
015 |a SNBG1989 
035 |a SNK000147619 
035 |a 39F30FDC-88DC-4CCF-A7AB-B7DC41AAD886 
035 |a urn:nbn:sk:snk-km00giwa 
040 |a SNK  |b slo  |c SNK  |e AACR2 
041 0 |a slo 
043 |a e-xo--- 
044 |a xo  |c SK 
072 7 |a 913  |x Regionálna geografia  |2 konspekt 
080 |a 913(437.6)  |2 2011 
080 |a 730  |2 2011 
080 |a 725.945  |2 2011 
080 |a 725.31  |2 2011 
080 |a 725.1:613.47-026.912  |2 2011 
080 |a 721  |2 2011 
080 |a 711.73  |2 2011 
080 |a 711.61  |2 2011 
080 |a 656.21  |2 2011 
080 |a 625.712.4  |2 2011 
080 |a (084.121)  |2 2011 
100 1 |a Paul, P.  |c (fotograf)  |4 pht  |9 60489 
245 1 0 |a Nové Zámky  |h grafika  |b Nákupné stredisko : železničná stanica : Gottwaldovo námestie : kúpalisko  |c foto: P. Paul ; výtvarný návrh: P. Orvan 
246 1 |i Názov na obrazovej časti:  |a Nové Zámky 
260 |a Bratislava  |b ČSTK-Pressfoto  |c 1989  |e Skalica  |f Grafobal 
300 |a 1 pohľadnica (4 čiastkové pohľady)  |b farebná  |c 11 x 15 cm 
520 8 |a Zobrazenie: Na striebornom podklade, v bielom orámovaní jeden pohľad z trávnika na budovu nákupného strediska, za ktorou je bytovka a v popredí je chodník, po ktorom ide žena, jeden pohľad na ulicu, po pravej strane lemovanú radom áut a bytovkou a v diaľke je železničná stanica, jeden pohľad na námestie s pamätníkom na trávniku, za ktorým je ihličnatý strom a budova, a jeden pohľad na bazén, pred ktorým na trávniku ležia štyria opaľujúci sa ľudia 
650 0 7 |a železničné stanice  |2 SNKPH  |9 30261 
650 0 7 |a pamätníky  |2 SNKPH  |9 25601 
650 0 7 |a kúpaliská  |2 SNKPH  |9 4394 
650 0 7 |a námestia  |2 SNKPH  |9 26291 
650 0 7 |a budovy  |2 SNKPH  |9 1283 
650 0 7 |a sochy  |2 SNKPH  |9 29846 
650 0 7 |a ulice  |2 SNKPH  |9 2938 
651 7 |a Nové Zámky (Slovensko)  |2 SNKPHgeo  |9 15884 
655 7 |a miestne pohľadnice  |2 SNKPH  |9 70510 
700 1 |a Orvan, P.  |c (grafik)  |4 art  |9 284546 
852 |a Slovenská národná knižnica 
954 |a pohľadnice cudzojazyčné (svetové)  |2 lita 
954 |a pohľadnice pôvodné (slovenské)  |2 lita 
958 |a EUIPO 
958 |a GBN 
958 |a GC 
958 |a OND 
999 |c 1053708  |d 1055638 
952 |a SNK  |b SNK  |y PREZ  |7 0  |p 17A1409259  |o snkSP 141244  |i snk1809/89  |0 0  |1 0  |4 0  |d 2020-11-05  |f 1  |l 0  |r 2026-02-24 15:04:22  |w 2026-02-24 
952 |a SNK  |b SNK  |y PREZ  |7 0  |p 17A1410906  |o snkSP 141244 D1  |i snk1810/89  |0 0  |1 0  |4 0  |d 2020-11-05  |l 0  |r 2026-02-24 15:04:22  |w 2026-02-24